书目信息 |
| 题名: |
陶瓷砖抽样方案及抽样方法 GB/T 3810--1996
|
|
| 作者: | 国家技术监督局 发布 | |
| 分册: | ||
| 出版信息: | 北京 中国标准出版社 1997.03 |
|
| 页数: | 5页 | |
| 开本: | 16开 | |
| 丛书名: | ||
| 单 册: | ||
| 中图分类: | TQ174.76-65 | |
| 科图分类: | ||
| 主题词: | 陶瓷工业 | |
| 电子资源: | ||
| ISBN: | ||
| 000 | 00636nam0 2200193 45 | |
| 001 | 0009221674 | |
| 005 | 20000924083550.8 | |
| 010 | @d6.00元 | |
| 100 | @a20000922d1997 km y0chiy0120 ea | |
| 101 | 0 | @achi |
| 105 | @a z 000yy | |
| 200 | 1 | @a陶瓷砖抽样方案及抽样方法 GB/T 3810--1996@ATao Ci Zhuan Chou Yang FangAn Ji Chou Yang Fang Fa GB/T 3810--1996@f国家技术监督局发布@FGuo Jia Ji Shu Jian Du Ju Fa Bu |
| 210 | @a北京@c中国标准出版社@d1997.03 | |
| 215 | @a5页@d16开 | |
| 606 | 0 | @a陶瓷工业 |
| 690 | @aTQ174.76-65@v3 | |
| 701 | 0 | @a国家技术监督局@4发布 |
| 801 | @aCN@bPftUser@c20000922 | |
| 905 | @b150665-669@dTQ174.76-65@eG:347@f5 | |
| 陶瓷砖抽样方案及抽样方法 GB/T 3810--1996/国家技术监督局发布.-北京:中国标准出版社,1997.03 |
| 5页;16开 |
| ISBN :6.00元 |
| ● |
| 相关链接 |
|
|
|
正题名:陶瓷砖抽样方案及抽样方法GB/T 3810--1996
索取号:TQ174.76-65/G:347
 
预约/预借
| 序号 | 登录号 | 条形码 | 馆藏地/架位号 | 状态 | 备注 |
| 1 | 150665 | 201506655 | 期刊室512/501自科库 139排7列4层/ [索取号:TQ174.76-65/G:347] | 在馆 | |
| 2 | 150666 | 201506664 | 期刊室512/501自科库 139排6列6层/ [索取号:TQ174.76-65/G:347] | 在馆 | |
| 3 | 150667 | 201506673 | 期刊室512/501自科库 139排6列6层/ [索取号:TQ174.76-65/G:347] | 在馆 | |
| 4 | 150668 | 201506682 | 期刊室512/501自科库 139排6列6层/ [索取号:TQ174.76-65/G:347] | 在馆 | |
| 5 | 150669 | 201506691 | 期刊室512/501自科库 139排6列6层/ [索取号:TQ174.76-65/G:347] | 在馆 |